书目信息 |
| 题名: |
机械车辆集中润滑系统模糊控制、装置设计及应用研究
|
|
| 作者: | 彭晗 , 范以撒 著 | |
| 分册: | ||
| 出版信息: | 北京 中国水利水电出版社 2020.7 |
|
| 页数: | 200页 | |
| 开本: | 24cm | |
| 丛书名: | ||
| 单 册: | ||
| 中图分类: | U464.137 | |
| 科图分类: | ||
| 主题词: | 车辆--集中润滑--润滑系统--模糊控制--研究 , 车辆--集中润滑--润滑装置--研究 | |
| 电子资源: | ||
| ISBN: | 978-7-5170-8606-2 | |
| 000 | 01089nam0 2200253 45 | |
| 001 | 012001000717 | |
| 005 | 20130911172125.0 | |
| 010 | @a978-7-5170-8606-2@dCNY58.00 | |
| 100 | @a20201029d2020 em y0chiy50 ea | |
| 101 | 0 | @achi |
| 102 | @aCN@b110000 | |
| 105 | @aa z 000yy | |
| 106 | @ar | |
| 200 | 1 | @a机械车辆集中润滑系统模糊控制、装置设计及应用研究@Aji xie che liang ji zhong run hua xi tong mo hu kong zhi、zhuang zhi she ji ji ying yong yan jiu@b专著@f彭晗,范以撒著 |
| 210 | @a北京@c中国水利水电出版社@d2020.7 | |
| 215 | @a200页@c图,照片@d24cm | |
| 330 | @a本书综合运用摩擦学、流体力学、模糊控制理论、计算机仿真技术、现代设计方法等知识,通过对机械车辆集中润滑系统的特点进行分析,应用模糊仿真控制技术对该系统进行模糊控制,应用现代设计方法对该系统进行装置设计,并对其具体应用展开研究。 | |
| 606 | 0 | @a车辆@x集中润滑@x润滑系统@x模糊控制@x研究 |
| 606 | 0 | @a车辆@x集中润滑@x润滑装置@x研究 |
| 690 | @aU464.137@v5 | |
| 701 | 0 | @a彭晗@Apeng han@c(女,@f1980-)@4著 |
| 701 | 0 | @a范以撒@Afan yi sa@4著 |
| 801 | 0 | @aCN@bBJSDL@c20211011 |
| 905 | @b1335758-60@dU464.137@e1056@f3 | |
| 机械车辆集中润滑系统模糊控制、装置设计及应用研究/彭晗,范以撒著.-北京:中国水利水电出版社,2020.7 |
| 200页:图,照片;24cm |
| ISBN 978-7-5170-8606-2:CNY58.00 |
| 本书综合运用摩擦学、流体力学、模糊控制理论、计算机仿真技术、现代设计方法等知识,通过对机械车辆集中润滑系统的特点进行分析,应用模糊仿真控制技术对该系统进行模糊控制,应用现代设计方法对该系统进行装置设计,并对其具体应用展开研究。 |
| ● |
| 相关链接 |
|
|
|
|
正题名:机械车辆集中润滑系统模糊控制、装置设计及应用研究
索取号:U464.137/1056
 
预约/预借
| 序号 | 登录号 | 条形码 | 馆藏地/架位号 | 状态 | 备注 |
| 1 | 1335758 | 213357589 | 第二样本阅览室/ [索取号:U464.137/1056] | 在馆 | |
| 2 | 1335759 | 213357598 | 第三借阅区/ [索取号:U464.137/1056] | 在馆 | |
| 3 | 1335760 | 213357605 | 第三借阅区/ [索取号:U464.137/1056] | 在馆 |